000 00791nam a2200241 a 4500
001 57667
003 BD-RjUL
005 20211209080535.0
008 161211s1983 enk||||| |||| 001 0 eng d
020 _a0195203828
035 _a(BD-RjUL) 57791
040 _aBD-RjUL
_beng
_cBD-RjUL
041 _aeng
082 _223
_a307.76091724
_bLIC 1983
100 _aLinn, Johannes F.
_9171251
245 _a cities in the developing world :
_bPolicies for their equitable and efficient growth /
_cJohannes F. Linn
260 _aLondon :
_bThe World Bank, Oxford University press,
_cc1983.
300 _axxi, 230 p. ;
_c23 cm.
500 _aIncludes index
650 _aUrbanization
_zDeveloping countries
_9170674
650 _aCities and towns
_z Developing countries
_9170675
942 _2ddc
_cBK
999 _c57667
_d57667